000 00326nam a2200109Ia 4500
008 171211s9999 xx 000 0 und d
245 _aProject 9: The Birth of the Air Commandos in World War II
245 _cDennis Okerstrom
260 _c2014
650 _xMilitary
856 _uhttp://down.ebook777.com/020/9780826220271.pdf
999 _c348297
_d348297